000 00923nam a2200253 i 4500
001 46470
003 ES-MaACL
005 20251003063056.0
007 t|
008 030331s1971 sp ||||1| spa d
100 1 _aCongar, Yves,
_d1904-1995
_940170
245 1 0 _aAutoridad y libertad en la Iglesia /
_cYves Congar, René Voillaume, Jacques Loew ; [versión de Isidro Larrauri].
260 _a[Bilbao] :
_bDesclée de Brouwer,
_c[1971]
300 _a74 p. ;
_c18 cm.
490 1 _aColección "Pensamiento Cristiano y Diálogo" ;
_v2
610 2 7 _aIglesia Católica-
_xMagisterio
_2
_9157841
650 4 _aIglesia-
_xAutoridad.
_9137602
700 1 _aVoillaume, René,
_d1905-2003
_9115676
700 1 _aLoew, Jacques.
_973106
700 1 _aLarrauri, Isidro.
_970321
830 0 _aColección pensamiento cristiano y diálogo
_v2
_9224908
852 _aES-MaACL
_jC-50218
_bR.77446
999 _c46470
_d46470